000 00671nam a2200205Ia 4500
003 GCL
008 140319s9999 xx 000 0 ara d
020 _a2427271977
040 _aGCL /
_cGCL
082 0 4 _a925.4
_bهـ ز
100 1 _aهشام الحديدى
245 1 0 _aزويل أمير الكيمياء /
_cهشام الحديدى
260 _aبيروت :
_bالدار المصرية اللبنانية ،
_c2000
300 _a231 ص ؛
_c17 سم
490 _aالهيئة العامة للاستعلامات
_v0
650 0 4 _aالرجال - تراجم
650 0 4 _aاحمد زويل
650 0 4 _aالكيميائيون - تراجم
942 _2ddc
_cBK
999 _c58672
_d58672